International law and international relations / (Record no. 40982)

MARC details
000 -LEADER
fixed length control field 01141cam a2200301 a 4500
001 - CONTROL NUMBER
control field vtls003253571
003 - CONTROL NUMBER IDENTIFIER
control field MY-SjTCS
005 - DATE AND TIME OF LATEST TRANSACTION
control field 20200306163312.0
008 - FIXED-LENGTH DATA ELEMENTS--GENERAL INFORMATION
fixed length control field 130730s2012 enk b 001 0 eng
020 ## - INTERNATIONAL STANDARD BOOK NUMBER
International Standard Book Number 9781107648241 (pbk.)
020 ## - INTERNATIONAL STANDARD BOOK NUMBER
International Standard Book Number 9781107011069 (hbk.)
039 #9 - LEVEL OF BIBLIOGRAPHIC CONTROL AND CODING DETAIL [OBSOLETE]
Level of rules in bibliographic description 201608221010
Level of effort used to assign nonsubject heading access points patrick
Level of effort used to assign subject headings 201309191044
Level of effort used to assign classification pushpa
Level of effort used to assign subject headings 201309171740
Level of effort used to assign classification izani
-- 201307301352
-- malathy
082 04 - DEWEY DECIMAL CLASSIFICATION NUMBER
Classification number 341
Item number ARM 2012
100 1# - MAIN ENTRY--PERSONAL NAME
Personal name Armstrong, J. D.
Fuller form of name (James David),
Dates associated with a name 1945-
9 (RLIN) 35049
245 10 - TITLE STATEMENT
Title International law and international relations /
Statement of responsibility, etc. David Armstrong, Theo Farrell and Hélène Lambert.
250 ## - EDITION STATEMENT
Edition statement 2nd ed.
260 ## - PUBLICATION, DISTRIBUTION, ETC.
Place of publication, distribution, etc. Cambridge :
Name of publisher, distributor, etc. Cambridge University Press,
Date of publication, distribution, etc. 2012.
300 ## - PHYSICAL DESCRIPTION
Extent x, 353 p. ;
Dimensions 23 cm.
490 1# - SERIES STATEMENT
Series statement Themes in international relations
504 ## - BIBLIOGRAPHY, ETC. NOTE
Bibliography, etc. note Includes bibliographical references (p. 317-346) and index.
590 ## - LOCAL NOTE (RLIN)
Local note Business Leadership: Management : BOH4M
650 #0 - SUBJECT ADDED ENTRY--TOPICAL TERM
Topical term or geographic name entry element International law.
9 (RLIN) 230975
650 #0 - SUBJECT ADDED ENTRY--TOPICAL TERM
Topical term or geographic name entry element International relations.
9 (RLIN) 710
700 1# - ADDED ENTRY--PERSONAL NAME
Personal name Farrell, Theo,
Dates associated with a name 1967-
9 (RLIN) 64277
700 1# - ADDED ENTRY--PERSONAL NAME
Personal name Lambert, Hélène.
9 (RLIN) 69606
830 #0 - SERIES ADDED ENTRY--UNIFORM TITLE
Uniform title Themes in international relations.
9 (RLIN) 41776
920 ## - Programme
Programme CPU : 202066
Holdings
Withdrawn status Lost status Source of classification or shelving scheme Damaged status Not for loan Collection code Home library Current library Date acquired Total Checkouts Barcode Date last seen Copy number Koha item type Public note
Withdrawn   Dewey Decimal Classification     Please fill up online form at https://taylorslibrary.taylors.edu.my/services/external_storage1 TC External Storage TC External Storage 21/08/2013   5000148289 05/12/2019 1 Main Collection CPUxx,02000,03,CL